| 000 | 01276cam a2200373 a 4500 | ||
|---|---|---|---|
| 001 | 7916809 | ||
| 003 | OSt | ||
| 005 | 20210921105212.0 | ||
| 006 | m d | ||
| 007 | cr n | ||
| 008 | 980622s1999 caua sb 001 0 eng d | ||
| 020 | _a0262571242 (pbk. : alk. paper) | ||
| 035 | _a(WaSeSS)ssj0000355098 | ||
| 038 | _akhadija | ||
| 040 |
_aDLC _cDLC _dDLC _dWaSeSS |
||
| 050 | 4 |
_aQA279.2 _b.C66 1999 |
|
| 082 | 0 | 0 |
_a519.54 _221 _bGLY |
| 210 | 1 | 0 | _aComputation, causation, and discovery |
| 245 | 0 | 0 |
_aComputation, causation, and discovery / _cedited by Clark Glymour and Gregory F. Cooper. |
| 246 | 1 | 4 | _aComputation, causation & discovery |
| 260 |
_aMenlo Park, Calif. : _bAAAI Press ; _aCambridge, Mass. : _bMIT Press, _cc1999. |
||
| 504 | _aIncludes bibliographical references and index. | ||
| 506 | _aLicense restrictions may limit access. | ||
| 563 | _aP.B | ||
| 650 | 0 |
_aPrediction theory. _9968 |
|
| 650 | 0 |
_aCausation. _951772 |
|
| 650 | 0 | _aData mining. | |
| 700 | 1 |
_aGlymour, Clark N. _982533 |
|
| 700 | 1 |
_aCooper, Gregory Floyd. _982558 |
|
| 773 | 0 | _tMIT CogNet | |
| 856 | 4 | 0 |
_uhttp://www.columbia.edu/cgi-bin/cul/resolve?clio7916809 _zFull text available from MIT CogNet |
| 910 | _aLibrary of Congress record | ||
| 942 |
_2ddc _cBK |
||
| 999 |
_c31842 _d31842 |
||